Statistics for formula 1 teams 2016

Click here to take the quiz!

General Stats

  • This quiz has been taken 145 times
  • The average score is 9 of 10

Answer Stats

HintAnswer% Correct
prancing horseferrari
100%
reghning championsmercedes
99%
tag heuer supplies their enginered bull
98%
their sister team is red bulltoro rosso
98%
jenson button moved there from braunmclaren
97%
their car is the colour whitewilliams
96%
they bought the team from lotusrenault
93%
a country is in their nameforce india
91%
in 2015 they change their colour to bluesauber
88%
started out as virginmanor
58%

Score Distribution

Percentile by Number Answered

Percent of People with Each Score

Your Score History

You have not taken this quiz